| Tag |
First Indicator |
Second Indicator |
Subfields |
| LEADER |
00000cam a2200000 4500 |
| 001 |
in00000043529 |
| 005 |
20151007072859.0 |
| 008 |
800607s1941 nyua 00010 eng d |
| 035 |
|
|
|a (OCoLC)06396528
|
| 035 |
|
|
|9 AAE8732AM
|
| 040 |
|
|
|a TXA
|c TXA
|d UtOrBLW
|
| 041 |
1 |
|
|a eng
|a ger
|
| 049 |
|
|
|a TXAM
|c [101695]
|
| 090 |
|
|
|a QD261
|b .G22 1941
|
| 092 |
|
|
|a 547.072
|b G262, 1941
|
| 100 |
1 |
|
|a Gattermann, Ludwig,
|d 1860-1920.
|
| 245 |
1 |
0 |
|a Laboratory methods of organic chemistry /
|c by L. Gattermann, completely revised by Heinrich Wieland; translated from the twenty-fourth German edition by W. McCartney ... with 59 illustrations in the text.
|
| 264 |
|
1 |
|a New York :
|b The Macmillan Company,
|c 1941.
|
| 300 |
|
|
|a xvi, 435 pages :
|b illustrations ;
|c 23 cm.
|
| 336 |
|
|
|a text
|b txt
|2 rdacontent
|
| 337 |
|
|
|a unmediated
|b n
|2 rdamedia
|
| 338 |
|
|
|a volume
|b nc
|2 rdacarrier
|
| 500 |
|
|
|a Printed in Great Britain.
|
| 650 |
|
0 |
|a Chemistry, Organic
|v Laboratory manuals.
|
| 700 |
1 |
|
|a Wieland, H.
|q (Heinrich),
|d 1877-
|
| 700 |
1 |
|
|a McCartney, William.
|
| 999 |
|
|
|a MARS
|
| 999 |
f |
f |
|s afc56c99-912d-3e98-83fa-f4f3bf96b553
|i bf8c310a-b579-3048-88f7-811deef4c675
|t 0
|
| 952 |
f |
f |
|p ric
|a Texas A&M University
|b Rellis Campus
|c Joint Library Facility
|d Remote Storage
|t 0
|e QD261 .G22 1941
|h Library of Congress classification
|i unmediated -- volume
|m A14800943849
|
| 998 |
f |
f |
|a QD261 .G22 1941
|t 0
|l Remote Storage
|